000
00238nam a2200097Ia 4500
001
1055723
005
20250827001347.0
008
250824s9999 xx 000 0 und d
245
0
_a
BÖRÜ 3
_c
ÇAĞLAYAN YILMAZ
260
_b
PANAMA YAYINLARI
999
_c
1055723
_d
1055723